000 00996namaa2200301 cb4500
001 BV005305351
003 DE-70
005 20260311155701.0
007 tu
007 7
008 920527s1980 a||| |||| 00||| und d
020 _a9781350266803
_9978-1-350-26680-3
024 _a9781350266803
_a978-1-350-26680-3
040 _cRU-10907106
041 _aeng
100 _aSchelkshorn, Hans
_4aut
_968844
245 _aRethinking European Modernity
_bReason, Power, and Coloniality in Early Modern Thought
264 _aLondon
_bBloomsbury Publishing
_c2023
300 _a402 Seiten
336 _2rdacontent
_btxt
_aText
337 _2rdamedia
_bbc
_aComputermedien
338 _2rdacarrier
_bcr
_aOnline Ressource
500 _aE-Book / Open Access
506 _afrei zugänglich / Bitte beachten Sie die Lizenzbestimmungen im Dokument
655 _aOpen Access
856 _zfrei zugänglich
_uhttps://www.bloomsburycollections.com/monograph?docid=b-9781350266803
942 _cEB
_2z
999 _c73934
_d73934